MARC

LEADER 00000nam0a2200000 4500
001 275118
005 20231101234807.0
035 |a (RuTPU)RU\TPU\book\298350 
090 |a 275118 
100 |a 20141112d1985 m y0rusy5003 ca 
101 0 |a rus 
102 |a RU 
105 |a a j 001zy 
200 1 |a Энергетические установки АЭС с газоохлаждаемыми реакторами на быстрых нейтронах  |e учебное пособие   |f Е. А. Ларин  |g Саратовский политехнический институт (СПИ) 
210 |a Саратов  |c Изд-во Саратовского политехнического ин-та  |d 1985 
215 |a 82 с.  |c ил. 
320 |a Библиогр.: с. 81 (11 назв.) 
606 1 |a Электрические станции  |2 stltpush  |3 (RuTPU)RU\TPU\subj\27616  |9 51341 
610 1 |a АЭС 
610 1 |a энергетические установки 
610 1 |a учебные пособия 
610 1 |a газоохлаждаемые реакторы 
610 1 |a быстрые нейтроны 
610 1 |a топливные циклы 
610 1 |a газотурбинные установки 
675 |a 621.311.2(075.8)  |z rus  |v 4 
700 1 |a Ларин  |b Е. А.  |g Евгений Александрович  |4 070 
712 0 2 |a Саратовский политехнический институт (СПИ)  |c (1960-1992)  |2 stltpush  |3 (RuTPU)RU\TPU\col\283 
801 0 |a RU  |b RuMRKP  |c 19950704  |g psbo 
801 1 |a RU  |b 63413507  |c 20141112 
801 2 |a RU  |b 63413507  |c 20170328  |g RCR 
942 |c BK